| 000 | 00602nam a22001457a 4500 | ||
|---|---|---|---|
| 999 |
_c533253 _d533253 |
||
| 008 | 260505b ||||| |||| 00| 0 eng d | ||
| 100 |
_aArshid, Mohd _960375 |
||
| 245 | _aAn economic perspective on religion in INDIA | ||
| 260 | _aEconomic & Political Weekly | ||
| 300 | _a61(16), Apr 18, 2026: p.25-28 | ||
| 520 | _aThe Economics of Religion in India by Sriya Iyer, Belknap Press, 2018; pp 295, `8,295.-Reproduced https://www.epw.in/journal/2026/16/book-reviews/economic-perspective-religion-india.html | ||
| 773 | _aEconomic & Political Weekly | ||
| 906 | _aBOOK REVIEW | ||
| 942 | _cAR | ||